000 00353nam a2200133Ia 4500
008 151001s9999||||xx |||||||||||||| ||und||
100 _aसुभाषिणी मधुकर कुकडे
245 _aआई
250 _a1
260 _bअभिनंदन कणकवली
260 _c2009
300 _a140
365 _b21
999 _c997076
_d997073